[Event "IECC M email"]
[Site "IECC email"]
[Date "1999.02.07"]
[Round "?"]
[White "Da Silva, Araujo Helio"]
[Black "Koolsbergen, Nico"]
[Result "1/2-1/2"]
[WhiteElo "1798"]
[BlackElo "1845"]
[PlyCount "59"]
[EventDate "1999.??.??"]
[EventType "tourn (corr)"]
[EventRounds "6"]
[SourceTitle "Corr 2008"]
[Source "ChessBase"]
[SourceDate "2008.06.24"]
[SourceVersion "1"]
[SourceVersionDate "2008.06.24"]
[SourceQuality "1"]

1. d4 Nf6 2. Nf3 d5 3. Bg5 Ne4 4. Bh4 c5 5. e3 Qb6 6. Qc1 cxd4 7. exd4 Bg4 8. Be2 Bxf3 9. Bxf3 Qxd4 10. 0-0 Nd7 11. Rd1 Qe5 12. Nc3 Nxc3 13. bxc3 Nb6 14. Qb2 Rd8 15. Qb5+ Rd7 16. c4 Qf4 17. Bxd5 Qxh4 18. Bxb7 Qxc4 19. Bc6 Qxb5 20. Bxb5 e6 21. Rxd7 Nxd7 22. Rd1 Bc5 23. Rxd7 0-0 24. Kf1 Rb8 25. Bc4 Rb1+ 26. Ke2 Kf8 27. Rc7 Bb6 28. Rb7 h6 29. f4 Rb4 30. Kd3 1/2-1/2